Captals of North American Countries - Statistics

General Stats
  • This quiz has been taken 5 times
  • The average score is 12 of 23
Answers on the Map
Answers color-coded by a green-red scale on the quiz's map according to % correct below.
 
Answer Stats
Population Answer % Correct
9,209,944 Mexico City
100%
1,017,449 Ottawa
80%
16,451 Belmopan
60%
20,000 Castries
60%
1,221,739 Guatemala City
60%
2,154,454 Havana
60%
662,435 Kingston
60%
1,061,054 Managua
60%
1,086,990 Panama City
60%
1,200,000 Port-au-Prince
60%
352,381 San José
60%
525,990 San Salvador
60%
3,798,699 Santo Domingo
60%
1,326,460 Tegucigalpa
60%
689,545 Washington D.C
60%
110,000 Bridgetown
40%
246,329 Nassau
40%
37,074 Port of Spain
40%
14,725 Roseau
40%
?????? St. George's
40%
22,219 St. John's
40%
16,696 Basseterre
20%
12,909 Kingstown
20%
No matching quizzes found
Score Distribution
Percent of People with Each Score
Percentile by Number Answered
Your Score History
You have not taken this quiz